Statistics for Van Halen Songs

Click here to take the quiz!

General Stats

  • This quiz has been taken 295 times
  • The average score is 42 of 134

Answer Stats

AlbumAnswer% Correct
Panama
95%
Eruption
92%
Jump
92%
Hot For Teacher
86%
Van HalenRunnin' With The Devil
85%
You Really Got Me
80%
Ain't Talkin' Bout Love
76%
Ice Cream Man
71%
19841984
69%
Dance The Night Away
68%
Jamie's Cryin'
68%
5150
67%
Unchained
67%
Why Can't This Be Love
62%
Beautiful Girls
61%
Atomic Punk
58%
Fair WarningMean Street
58%
On Fire
55%
Dreams
54%
(Oh) Pretty Woman
53%
Spanish Fly
53%
Top Jimmy
53%
I'll Wait
52%
Women And Children FirstAnd The Cradle Will Rock...
51%
Feel Your Love Tonight
51%
For Unlawful Carnal KnowledgePoundcake
51%
I'm The One
50%
Drop Dead Legs
49%
Little Dreamer
49%
Little Guitars
48%
Everybody Wants Some!!
47%
Love Walks In
46%
Right Now
46%
Summer Nights
46%
D.O.A.
45%
Somebody Get Me A Doctor
45%
Best Of Both Worlds
43%
When It's Love
42%
Dancing In The Street
40%
Dirty Movies
39%
House Of Pain
39%
Romeo Delight
39%
Sinner's Swing
37%
Happy Trails
36%
So This Is Love?
36%
Take Your Whiskey Home
36%
Women In Love
36%
Girl Gone Bad
35%
Diver DownWhere Have All The Good Times Gone?
35%
Bottom's Up!
34%
Van Halen IIYou're No Good
34%
Hear About It Later
33%
Top Of The World
33%
Can't Stop Lovin' You
32%
Cathedral
32%
Light Up The Sky
32%
Tora!Tora!
32%
316
31%
Big Bad Bill (Is Sweet William Now)
31%
Black And Blue
31%
Finish What Ya Started
31%
5150Good Enough
31%
Little Guitars (Intro)
31%
A Different Kind Of TruthTattoo
30%
Hang 'Em High
29%
Intruder
29%
Twister SoundtrackHumans Being
28%
Outta Love Again
28%
Sunday Afternoon In The Park
28%
Cabo Wabo
27%
One Foot Out The Door
27%
Push Comes To Shove
27%
Runaround
27%
Could This Be Magic?
25%
Get Up
25%
Fools
24%
In A Simple Rhyme
24%
The Full Bug
24%
Secrets
23%
Amsterdam
22%
Judgement Day
22%
Inside
21%
Loss Of Control
21%
OU812Mine All Mine
21%
Spanked
19%
A Apolitical Blues
18%
Feels So Good
18%
Me Wise Magic
18%
China Town
17%
Don't Tell Me (What Love Can Do)
17%
Pleasure Dome
17%
A.F.U. (Naturally Wired)
16%
She's The Woman
15%
Without You
15%
Man On A Mission
14%
Sucker In A 3 Piece
14%
The Dream Is Over
14%
Greatest HitsCan't Get This Stuff No More
13%
Josephina
13%
Strung Out
13%
Aftershock
12%
In 'N' Out
12%
Not Enough
12%
Source Of Infection
12%
Take Me Back (Deja Vu)
12%
BalanceThe Seventh Seal
12%
Feelin'
11%
As Is
10%
Baluchitherium
10%
Big Fat Money
10%
Big River
10%
Honeybabysweetiedoll
10%
Stay Frosty
10%
Up For Breakfast
10%
Fire In The Hole
9%
Outta Space
9%
Respect The Wind
9%
Beats Workin'
8%
Dirty Water Dog
8%
Doin' Time
8%
How Many Say I
8%
Van Halen IIINeworld
8%
Ballot Or The Bullet
7%
You And Your Blues
7%
Blood And Fire
6%
Bullethead
6%
Learning To See
6%
Primary
6%
Year To The Day
6%
From Afar
5%
Best Of Both WorldsIt's About Time
5%
Once
5%
One I Want
5%
The Trouble With Never
5%

Score Distribution

Percentile by Number Answered

Percent of People with Each Score

Your Score History

You have not taken this quiz